000 00887nam a2200265Ia 4500
003 OSt
005 20221005103850.0
006 a|||||r|||| 00| 0
007 ta
008 221004b |||||||| |||| 00| 0 hin d
020 _a8186849092 (hbk)
_c100
024 _a97238
037 _b529, 19/03/2009, Vani Prakashan
_cTextual
040 _aCRL
_cCRL
_bhin
041 _2hin
_ahin
082 _aO152,3N143x, P1
100 _aकृश्न चन्दर
245 0 _aहम वहशी हैं
246 _aHam vahashī haian
260 _aदिल्ली
_bएशिया पब्लिशर्स भारत
_c2001
300 _a94पृ0
_ccm.
650 _aहिन्दी साहित्य
942 _hO152,3N143x, P1
_cTEXL
_2cc
999 _c1011120
_d1011120